00551cam a22001813a 450000100060000000300060000600500170001200800410002904000150007004200070008510000180009224501090011026000290021950600300024851600200027883000290029885600420032742630PGUSA20140828083951.0130502s2013||||xxu|||||s|||||000 | eng d aPGUSAbeng adc1 aAllen, Quincy14aThe Outdoor Chums in the Big Woods :bRival Hunters of Lumber Runh[electronic resource] /cQuincy Allen bProject Gutenberg,c2013 aPublic domain in the USA. aElectronic text 0aProject Gutenbergv4263040uhttp://www.gutenberg.org/ebooks/42630